Statistics for European Capitals Chain

Click here to take the quiz!

General Stats

  • This quiz has been taken 129 times
  • The average score is 7 of 13

Answer Stats

No of LettersEuropean Capital% Correct
(Liechtenstein)Vaduz
98%
6Zagreb
96%
8Brussels
82%
9Stockholm
74%
4Kiev
67%
5Minsk
64%
14Andorra la Vella
46%
8Valletta
46%
6Athens
37%
9Amsterdam
36%
5Sofia
31%
6Moscow
21%
6Warsaw
21%

Score Distribution

Percentile by Number Answered

Percent of People with Each Score

Your Score History

You have not taken this quiz